| 000 | 01107cam a2200277 i 4500 | ||
|---|---|---|---|
| 001 | 8687 | ||
| 003 | Mx-PuUPA | ||
| 005 | 20250519084233.0 | ||
| 008 | 140415s1977 mx r 000 0 spa d | ||
| 020 | _a9686014047 | ||
| 040 |
_aMx-PuUPA _bspa _cMx-PuUPA _dMx-PuUPA _erda |
||
| 041 | 0 | _aspa | |
| 100 | 1 |
_aOsorio Sánchez, Israel, _eautor _97921 |
|
| 245 | 1 | 0 |
_aAuditoria. _n1 / _cIsrael Osorio Sánchez |
| 250 | _aPrimera edición | ||
| 264 | 4 |
_aMéxico, D.F. : _bEdiciones Contables y Administrativas, _c1977 |
|
| 300 |
_a263 páginas ; _c22 cm. |
||
| 336 |
_atexto _2rdacontent _btxt |
||
| 337 |
_asin medio _2rdamedia _bn |
||
| 338 |
_avolumen _2rdacarrier _bnc |
||
| 545 | _aReimpresiones: (Primera,1978 ; Segunda, 1980 ; Tercera, 1981 ; Cuarta, 1982 ; Quinta, 1983 ; Sexta, 1984 ; Séptima, 1984 ; Octava, 1985 ; Novena, 1986 ; Décima, 1988 ; Undécima, 1989 ; Duodécima, 1990 ; Decimotercera, 1991 ; Décimocuarta, 1992 ; Décimoquinta, 1993 ; Décimosexta, 1993). | ||
| 650 | 4 | _aAuditoria | |
| 942 |
_2ddc _cLI _h657.45 _iO835 |
||
| 999 |
_c8687 _d8687 |
||